000 00670nam a2200217 4500
003 OSt
005 20240620082723.0
006 a
008 240620b |||||||| |||| 00| 0 eng d
020 _a9789712360046
040 _aDWCL-Main lib
_cOC
082 _22011, revised edition
_aFil. 346.07 D346l 2011
100 _aDe Leon , Hector S.
245 _aThe law on obligations and contracts /
250 _a2011, revised edition
260 _aManila :
_bRex Book Store,
_cc2011.
300 _axxiii,
_b465 p. ;
_c22 cm.
650 _a1. Obligation (Law)-Philippines.
650 _a2. Contracts-Philippines.
942 _2ddc
_n0
_cBK - FIL
_e2011, revised edition
_kFil.
999 _c1018
_d1018